000 005010000a22001930004500
001 000073
003 MACL
005 20151021113904.0
008 151021b xxu||||| |||| 00| 0 eng d
040 _aMACL
_cMACL
041 _aEnglish
082 _a954/KNI
100 _aKnight Alfred E,
_916117
245 _aIndia
_bFrom The Aryan Invasion To The Great Sepoy Mutiny
_cKnight Alfred E
260 _aDelhi
_c1989
_bSwati Publications,
350 _a250
650 _aHistory
_916118
942 _k954
_cBK
_2ddc
999 _c75
_d75